[Event "Kavala op 27th"]
[Site "Kavala"]
[Date "2018.08.05"]
[Round "1"]
[White "Ivanov, Sergey"]
[Black "Nikolic, Vojkan"]
[Result "1-0"]
[WhiteElo "2535"]
[BlackElo "2093"]
[PlyCount "81"]
[EventDate "2018.08.05"]
[EventType "swiss"]
[EventRounds "9"]
[EventCountry "GRE"]
[SourceTitle "CBM 186 Extra"]
[Source "ChessBase"]
[SourceDate "2018.08.24"]
[SourceVersion "1"]
[SourceVersionDate "2018.08.24"]
[SourceQuality "1"]

1. d4 Nf6 2. c4 e6 3. Nf3 Bb4+ 4. Nbd2 b6 5. a3 Bxd2+ 6. Qxd2 Bb7 7. e3 0-0 8. b4 d6 9. Bb2 Nbd7 10. Be2 Qe7 11. 0-0 Ne4 12. Qc2 f5 13. Rad1 a5 14. d5 e5 15. Bd3 Ndf6 16. Nh4 g6 17. f3 Ng5 18. f4 Nf7 19. Rfe1 axb4 20. axb4 Ra2 21. Qb3 Rfa8 22. Bb1 R2a7 23. Nf3 Re8 24. e4 fxe4 25. Bxe4 Nd7 26. Bb1 Qf8 27. fxe5 dxe5 28. Re2 Raa8 29. Rde1 Qd6 30. Nd4 Rac8 31. Qg3 Nf8 32. Nf5 Qxb4 33. Ba3 Qa4 34. Ne7+ Rxe7 35. Bxe7 Qxc4 36. Rf2 Bxd5 37. Bxf8 Rxf8 38. Bxg6 hxg6 39. Qxg6+ Kh8 40. Rf5 Qd4+ 41. Kh1 1-0